The Lock and Key Library : (Record no. 231174)
[ view plain ]
| 000 -LEADER | |
|---|---|
| fixed length control field | 01476cam a22003373a 4500 |
| 001 - CONTROL NUMBER | |
| control field | 1831 |
| 003 - CONTROL NUMBER IDENTIFIER | |
| control field | PGUSA |
| 005 - DATE AND TIME OF LATEST TRANSACTION | |
| control field | 20140828083007.0 |
| 008 - FIXED-LENGTH DATA ELEMENTS--GENERAL INFORMATION | |
| fixed length control field | 990701s1999||||xxu|||||s|||||000 1 eng d |
| 040 ## - CATALOGING SOURCE | |
| Original cataloging agency | PGUSA |
| Language of cataloging | eng |
| 042 ## - AUTHENTICATION CODE | |
| Authentication code | dc |
| 050 #4 - LIBRARY OF CONGRESS CALL NUMBER | |
| Classification number | PR |
| 245 14 - TITLE STATEMENT | |
| Title | The Lock and Key Library : |
| Remainder of title | Classic Mystery and Detective Stories: Old Time English |
| Medium | [electronic resource] |
| 260 ## - PUBLICATION, DISTRIBUTION, ETC. (IMPRINT) | |
| Name of publisher, distributor, etc | Project Gutenberg, |
| Date of publication, distribution, etc | 1999 |
| 505 0# - FORMATTED CONTENTS NOTE | |
| Formatted contents note | The haunted house / C. Dickens -- No. 1 branch line: The signal man / C. Dickens -- The haunted and the haunters; or, the house and the brain / Bulwer-Lytton -- The incantation / Bulwer-Lytton -- The avenger / T. De Quincey -- Melmoth the wanderer / C.R. Maturin -- A mystery with a moral / L. Sterne -- On being found out /W.M. Thackeray -- The notch in the ax / W.M. Thackeray -- Bourgonef -- The closed cabinet. |
| 506 ## - RESTRICTIONS ON ACCESS NOTE | |
| Terms governing access | Public domain in the USA. |
| 516 ## - TYPE OF COMPUTER FILE OR DATA NOTE | |
| Type of computer file or data note | Electronic text |
| 653 ## - INDEX TERM--UNCONTROLLED | |
| Uncontrolled term | Fiction |
| 653 ## - INDEX TERM--UNCONTROLLED | |
| Uncontrolled term | Ghost stories |
| 653 ## - INDEX TERM--UNCONTROLLED | |
| Uncontrolled term | Detective and mystery stories |
| 700 1# - ADDED ENTRY--PERSONAL NAME | |
| Personal name | Hawthorne, Julian, |
| Dates associated with a name | 1846-1934 |
| 700 1# - ADDED ENTRY--PERSONAL NAME | |
| Personal name | Maturin, Charles Robert, |
| Dates associated with a name | 1780-1824 |
| 700 1# - ADDED ENTRY--PERSONAL NAME | |
| Personal name | Sterne, Laurence, |
| Dates associated with a name | 1713-1768 |
| 700 1# - ADDED ENTRY--PERSONAL NAME | |
| Personal name | De Quincey, Thomas, |
| Dates associated with a name | 1785-1859 |
| 700 1# - ADDED ENTRY--PERSONAL NAME | |
| Personal name | Dickens, Charles, |
| Dates associated with a name | 1812-1870 |
| 700 1# - ADDED ENTRY--PERSONAL NAME | |
| Personal name | Lytton, Edward Bulwer Lytton, Baron, |
| Dates associated with a name | 1803-1873 |
| 700 1# - ADDED ENTRY--PERSONAL NAME | |
| Personal name | Thackeray, William Makepeace, |
| Dates associated with a name | 1811-1863 |
| 830 #0 - SERIES ADDED ENTRY--UNIFORM TITLE | |
| Uniform title | Project Gutenberg |
| Volume number/sequential designation | 1831 |
| 856 40 - ELECTRONIC LOCATION AND ACCESS | |
| Uniform Resource Identifier | <a href="http://www.gutenberg.org/ebooks/1831">http://www.gutenberg.org/ebooks/1831</a> |
| 942 ## - ADDED ENTRY ELEMENTS (KOHA) | |
| Koha item type | eBooks |
| Withdrawn status | Lost status | Damaged status | Home library | Current library | Date acquired | Total Checkouts | Date last seen | Price effective from | Koha item type |
|---|---|---|---|---|---|---|---|---|---|
| Project Gutenberg | Project Gutenberg | 08/28/2014 | 08/28/2014 | 08/28/2014 | eBooks |